00420nam a2200169Ia 4500003000400000005001700004008004100021040000700062041000800069082002200077100002000099245004500119260004000164365001300204650001900217650001400236OSt20230605205735.0210423s2003 xx 000 0 und d cAL aeng a305.56 223bNARU aNARONAKAR (A R) aUntouchability and caste system in India aNew DelhibAnmol Publicationsc2003 b300cINR aSocial Classes aSociology